00980nam a22002417a 4500999001500000003000900015008004100024040007100065082001800136100002300154245005700177260003000234300006500264505015500329650003200484650002100516650002300537700002500560700003000585942001600615945000900631952009800640 c3865d3865AR-CdUCM190307b ||||| |||| 00| 0 spa d aMUNICIPALIDAD PROVINCIAL DEL CUSCOcBIBLIOTECA MUNICIPAL DEL CUSCO a371.27 /bR81 aAhmann, J. Stanley aEvaluación de los alumnos de la escuela primaria / aMadrid :bAguilar,c1962. aXV, 491 paginas ;bIlustraciones, diagramas, tablas, c21cm. aContenido: Papel de la evaluación en la educación -- Evaluacion educativa -- Validez y fiabilidad -- Normas del test -- Conocimiento del alumno... aEducación primaria 91561 aEducación9460 aNorteamerica95078 aMaillo, Cesar912425 aWardeberg, Helen L912426 2ddccLIBROS apjha 002ddc4070aSHbSHcCARTd2019-03-07g50.00o371.27 / R81pSH0000004081r2019-03-07yLIBROS